000 00285nam a22001337a 4500
008 170927b xxu||||| |||| 00| 0 eng d
020 _a9780022455620
041 _aeng
080 _a37
100 _a46
101 _aEDU
245 _aLANGUAGE ARTS
_cMACMILLAN.M
942 _2udc
_cBK
999 _c30198
_d30198